000 00577nam a2200217Ia 4500
003 OSt
005 20230509094623.0
008 210423s1987 xx 000 0 und d
020 _a978-0-486-65383-9
040 _cAL
041 _aeng
082 _a530.11 TOLR
100 _aTOLMAN (Richard C).
_9100212
245 _aRelativity thermodynamics and cosmology.
260 _aNew York
_bDover publications
_c1987
300 _axv,501
_bPB
365 _b1166.75
_cUSD
650 _aPhysics
_9100213
906 _acosmology. ; Relativity ; thermodynamics
942 _2ddc
_cBK
999 _c165508
_d165508